[Event "Tata Steel-A 75th"]
[Site "Wijk aan Zee"]
[Date "2013.01.20"]
[Round "8"]
[White "Caruana, Fabiano"]
[Black "L'Ami, Erwin"]
[Result "1-0"]
[WhiteElo "2781"]
[BlackElo "2627"]
[Annotator "Postny,E"]
[PlyCount "105"]
[EventDate "2013.01.12"]
[EventType "tourn"]
[EventRounds "13"]
[EventCountry "NED"]
[EventCategory "20"]
[SourceTitle "CBM 153"]
[Source "ChessBase"]
[SourceDate "2013.03.14"]
[SourceVersion "1"]
[SourceVersionDate "2013.03.14"]
[SourceQuality "1"]

1. e4 c6 2. d4 d5 3. e5 Bf5 4. h4 h6 (4... h5 {is the way to stop White's pawn
offensive on the kingside. On the other hand, it weakens the g5-square and the
Ph5 may become a target. Here is one recent example:} 5. c4 e6 6. Nc3 Ne7 7.
Nge2 Nd7 8. cxd5 Nxd5 9. Ng3 Nxc3 10. bxc3 Bg6 11. Be2 Qa5 12. Bd2 $14 {
1-0 (35) Zherebukh,Y (2628)-Eljanov,P (2681) Reykjavik 2012}) 5. g4 Bd7 6. h5 {
Otherwise, Black could play h6-h5 himself, ruining White's structure.} e6 ({
An immediate} 6... c5 {has also appeared in practice.} {Black's idea is:} 7. c3
Nc6 {[%cal Gd8b6] to delay the move e7-e6 a bit and try to attack White's Pd4
straight away.}) 7. f4 c5 8. c3 Qb6 (8... Nc6 9. Nf3 Qb6 10. Kf2 f6 11. Kg3
O-O-O {This position has appeared in several games. White has a space
advantage, but the centre is not stabilised yet and might get opened against
the white monarch. I don't think that Black is worse here.}) 9. Nf3 Bb5 ({
It was possible to transpose to the above-mentioned 8...Nc6 line:} 9... Nc6)
10. Bxb5+ Qxb5 11. Na3 Qb6 12. Qa4+ $1 $146 (12. dxc5 Bxc5 13. b4 Be3 14. Qd3
Bxc1 15. Rxc1 a6 16. f5 Ne7 $13 {0-1 (39) Kotronias,V (2626)-David,A (2560)
Plovdiv 2003}) (12. Nc2 {is an option, of course, but then White's queen
remains somewhat passive.}) 12... Nc6 13. Nc2 cxd4 (13... a6 14. dxc5 $1 Bxc5
15. b4 Bf2+ 16. Ke2 Qa7 17. Ne3 Bxe3 18. Bxe3 Qb8 19. Bc5 $14) 14. cxd4 Qa5+ $2
{This is just wrong by definition. White's pawns went forward, his camp is
weakened, so the king may become vulnerable only in the middlegame. The
exchange of queens basically gives White a free hand on the kingside, and his
space advantage becomes a dominant factor.} (14... Nge7 15. Ne3 (15. b4 a6 $13
{[%cal Gb6b5]}) 15... f6 (15... g6 $6 16. hxg6 Nxg6 17. Nc2 Nge7 18. Kf2 Rg8
19. Ne3 O-O-O 20. Bd2 $16) 16. Kf2 fxe5 17. dxe5 (17. fxe5 g5 $1 $11) 17... Nc8
18. Bd2 Be7 19. Kg3 O-O $13) 15. Qxa5 Nxa5 16. Ke2 $1 {The king is heading to
d3 where it will be absolutely safe.} Ne7 17. b3 Rc8 18. Kd3 $16 {This is
where White benefits from the exchange of queens. His king is active enough
and, at the same time, doesn't obstruct other pieces.} Nac6 19. Bd2 Rc7 (19...
f5 20. Rhg1 fxg4 21. Rxg4 Nf5 22. Nh4 Nce7 (22... Nxh4 23. Rxh4 Ne7 24. Ne3 $16
) 23. Nxf5 Nxf5 24. Ne3 Nxe3 25. Bxe3 $16) 20. Nh4 Nc8 21. f5 a5 22. Raf1 Rg8
23. Rh2 f6 $2 {Black loses his patience. It's difficult to suggest a decent
improvement, though.} ({The lesser evil would be to swap bishops:} 23... Bb4
24. Rhf2 Bxd2 25. Kxd2 N8e7 $16) 24. exf6 gxf6 (24... e5 25. fxg7 e4+ 26. Ke2
Rgxg7 27. Ng6 $18) 25. Ne3 (25. fxe6 Rxg4 26. Rxf6 Bg7 27. Rg6 $18) 25... e5 $1
{Black is lost, but this is the best practical chance.} 26. Nxd5 Rf7 27. Ng6
Nxd4 28. Be3 $6 (28. g5 $1 {was a neat push.} fxg5 ({After} 28... hxg5 29. h6 {
the pawn is simply unstoppable.}) 29. Nxe5 {[%csl Rd4,Rf7] and White wins
material.}) 28... Nc6 29. Ke2 Bg7 {The bishop is horrible here, but also the
Ng6 looks very decorative.} 30. Kf3 Rd7 31. Rd2 Kf7 32. Rfd1 (32. Nxf6 $6 {
is the engine's suggestion, but no human would calculate this, when there is a
safe alternative.} Rxd2 33. Nxg8 e4+ $1 34. Kxe4 Nd6+ 35. Kf3 Nd4+ 36. Bxd4
Rxd4 37. f6 Kxg8 38. fxg7 a4 {and Black has chances to squeeze half a point.})
32... Rgd8 33. Kf2 $6 {This move is a bit strange. It's more logical to put
the king on e2, if he wants to move the king at all.} Ke8 $6 (33... Nd6 $2 34.
Nc3 $18 {[%cal Ge3b6]}) (33... a4 $1 {In general, the exchange of pawns
favours the defending side.} 34. bxa4 (34. Rd3 axb3 35. axb3 N6a7 {[%cal Ga7b5]
The knight will be good on b5.}) 34... Nd6 35. Nc3 Nd4 36. Rd3 (36. Bxd4 Nc4
37. Re2 exd4 $132) 36... Nc4 {Black is still worse, but not without a hope.})
34. Ke1 $6 {Caruana's technique is not convincing in this game. White's win is
already under question.} (34. Rd3 {was a good waiting move.} Kf7 35. Ke2 Nd4+
$140 36. Bxd4 Rxd5 37. Bc5 $1 Rxd3 38. Rxd3 Rxd3 39. Kxd3 $18 {[%cal Gd3c4,
Gc4b5]}) 34... Nd4 35. Bxd4 Rxd5 36. Bc3 Rxd2 37. Bxd2 b6 38. Rc1 Kd7 $2 {
It was necessary to move the knight from the hole on c8.} (38... Na7 $1 39. Be3
(39. Rc7 Rd7 $14) 39... Rc8 $14) 39. Be3 {Now the knight is tied to defend the
Pb6 and Black is out of useful moves.} Re8 40. Ke2 Kd6 41. Kd3 Kd7 42. Rc3 Bf8
43. Ke4 {White is dominating again.} Bb4 {Black can't remain passive forever,
but now he is going to lose the Ph6.} (43... Bg7 44. Kd5 $18 {[%cal Gc3c6]})
44. Rc2 Nd6+ 45. Kd5 Nb5 46. Bxh6 Nc3+ 47. Rxc3 ({It's never too late to spoil
everything:} 47. Kc4 $4 Rc8+ 48. Kd3 e4+ 49. Kd2 Nxa2+) 47... Bxc3 48. Be3 Bd4
49. Bxd4 exd4 50. Kxd4 Kc6 51. h6 Rd8+ 52. Ke4 Rd7 53. g5 ({Even} 53. Ne5+ $1 {
was possible.} fxe5 54. g5 $18) 1-0

[Event "Tata Steel-A 75th"]
[Site "Wijk aan Zee"]
[Date "2013.01.22"]
[Round "9"]
[White "Wang, Hao"]
[Black "Caruana, Fabiano"]
[Result "1/2-1/2"]
[WhiteElo "2752"]
[BlackElo "2781"]
[Annotator "CB"]
[PlyCount "114"]
[EventDate "2013.01.12"]
[EventType "tourn"]
[EventRounds "13"]
[EventCountry "NED"]
[EventCategory "20"]
[SourceTitle "CBM 153"]
[Source "ChessBase"]
[SourceDate "2013.03.14"]
[SourceVersion "1"]
[SourceVersionDate "2013.03.14"]
[SourceQuality "1"]

{Wang-Caruana started out as a boring and solid affair, but quickly turned
messy and interesting.} 1. d4 d5 2. c4 c6 3. Nf3 Nf6 4. e3 Bg4 5. h3 Bh5 6.
cxd5 cxd5 7. Nc3 Bxf3 8. Qxf3 e6 9. Bd2 Nc6 10. Bd3 Bd6 11. O-O O-O 12. Rac1
Qe7 13. a3 Rac8 14. Rc2 a6 15. Rfc1 Rcd8 16. Qd1 e5 17. Ne2 e4 $1 18. Bxa6 Na7
$1 {The fabulous bishop trap setup forced Wang to find some resourceful moves
in order to not be down a piece. The resulting material balance was of a rook
and two knights against a queen, but the queen was aided by two passed pawns
on the queenside.} 19. Ng3 Bxg3 20. fxg3 bxa6 21. Rc7 Rd7 22. Bb4 Rxc7 23. Bxe7
Rxe7 24. Qb3 Rc8 25. Rxc8+ Nxc8 26. Qb8 Re8 27. a4 Kf8 28. g4 Ke7 29. Qb7+ Ke6
30. Qxa6+ Nd6 31. b4 Nd7 32. b5 Rb8 33. Kf2 h6 34. Ke2 Nb6 35. a5 Na4 36. b6
Nc3+ 37. Kd2 Ncb5 38. Kc2 Kd7 39. Kb3 Rc8 40. Kb2 g6 41. g3 Rb8 {It's possible
that Caruana missed many chances to push for some sort of advantage} (41... Rc3
$5 {seemed better than the passive 41...Rb8.}) 42. Kb3 Re8 43. h4 f6 44. g5
fxg5 45. hxg5 hxg5 46. Kb4 Rc8 47. b7 Rb8 48. Kc5 Ke7 49. Qc6 Nxb7+ 50. Kxb5
Nd8+ 51. Qb6 Rxb6+ 52. Kxb6 {After winning the queen for a rook and a knight,
Caruana had an extra knight, but it was powerless against White's passed
a-pawn. It sacrificed itself on a8 to force a stalemate.} Kd6 53. a6 Ne6 54. a7
Nc7 55. g4 Na8+ 56. Kb7 Kd7 57. Kxa8 Kc8 1/2-1/2

[Event "Tata Steel-A 75th"]
[Site "Wijk aan Zee"]
[Date "2013.01.25"]
[Round "11"]
[White "Giri, Anish"]
[Black "Caruana, Fabiano"]
[Result "1-0"]
[WhiteElo "2720"]
[BlackElo "2781"]
[Annotator "Marin,M"]
[PlyCount "55"]
[EventDate "2013.01.12"]
[EventType "tourn"]
[EventRounds "13"]
[EventCountry "NED"]
[EventCategory "20"]
[SourceTitle "CBM 153"]
[Source "ChessBase"]
[SourceDate "2013.03.14"]
[SourceVersion "1"]
[SourceVersionDate "2013.03.14"]
[SourceQuality "1"]

1. d4 d5 2. c4 e6 3. Nf3 c6 4. Nc3 dxc4 5. a4 Bb4 6. g3 $5 {White steps away
from the long forced lines of the Noteboom system, adopting a Catalan setup.
There is less theory after the game move, but White's long term compensation
is beyond any doubt.} Nf6 {Quite illustrative for Caruana's policy in the
first phase of this game. He will not make any attempt to defend the c4-pawn,
prefering to get developed as soon as possible.} (6... a5 7. Ne5 {This leads
nowhere.} (7. e4 $5 {/\Bxc4} Nf6 8. Qc2 b5 9. Bg2 $44) 7... Nf6 (7... f6 8.
Nxc4 $140 Qd5) 8. Bg2 Nd5 9. Bd2 Nb6 10. e3 N8d7 11. f4 O-O 12. Ne4 f6 13. Nxd7
Qxd7 14. O-O Nd5 15. g4 b6 $15 {Seirawan,Y (2555)-Kortschnoj,V (2650)/Bad
Kissingen 1981/MCL (1/2, 32)}) (6... c5 {although this basically loses a tempo,
it is not entirely clear yet whether a2-a4 is useful or harmful for White. If
the pawn reaches the fifth or even sixth rank, then White can be happy, of
course.} 7. Bg2 Nc6 8. Be3 Nge7 9. dxc5 (9. O-O cxd4 10. Nxd4 O-O 11. Nc2 Bxc3
12. bxc3 Bd7 13. a5 $44 {Del Rio Angelis,S (2484)-Perez Candelario,M (2579)/
Leon 2012 (1/2, 61)}) 9... Nd5 10. Bd2 Nxc3 11. Bxc3 Bxc3+ 12. bxc3 Qa5 13. O-O
Qxc5 14. Rb1 a6 15. Nd2 O-O 16. Ne4 Qe7 17. Qd6 $36 {Harikrishna,P (2672)
-Nyback,T (2643)/Wijk aan Zee 2010/CBM 135 (1/2, 67)}) ({Taking the bull by
the horns with} 6... b5 {is not without risk, as it weakens the dark squares
chronically. One important aspect is that the b4-bishop is exposed to the
exchange by means of Ne4 followed by Bd2.} 7. Bg2 Bb7 8. O-O a6 9. Ne5 Ne7 (
9... f6 {wins time, but weakens the e6-square.} 10. Nf3 Ne7 11. Bh3 Bxc3 12.
bxc3 Bc8 13. Ba3 $16 {Garcia Ilundain,D (2480)-Anguix Garrido,J (2340)/
Zaragoza 1993/EXT 97 (1-0, 42)}) 10. h4 {I like this move best. White
increases the pressure little by little, taking advantage of his better
mobilization.} ({Retrieving the pawn does not offer White much:} 10. axb5 $6
axb5 11. Rxa8 Bxa8 12. Nxb5 cxb5 13. Bxa8 f6 14. Nf3 Nbc6 15. Bxc6+ Nxc6 $11 {
Gleizerov,E (2592)-Solovjov,S (2458)/St Petersburg 2004/CBM 102 (1/2, 22)}) (
10. Ne4 O-O 11. Bd2 {also offers White some pressure>} c5 12. dxc5 Bxd2 13.
Qxd2 Qxd2 14. Nxd2 Bxg2 15. Kxg2 Nbc6 16. Nxc6 Nxc6 17. axb5 axb5 18. Ne4 $14 {
Bruzon Batista,L (2691)-Vera Gonzalez Quevedo,R (2482)/Guarenas 2012/EXT 2013 
(1-0, 62)}) 10... Nd7 11. Ne4 O-O 12. h5 Nxe5 13. dxe5 h6 14. Bf4 Nd5 15. Qc1
Qc7 16. Rd1 Be7 17. Nd6 Bxd6 18. exd6 Qd7 19. e4 Nb4 20. Qc3 Nd3 21. b3 Nxf4
22. gxf4 cxb3 23. Qc5 $44 {(1-0, 33) Maze,S (2559)-Zhigalko,S (2680)/
Aix-les-Bains 2011/CBM 142}) 7. Bg2 Nbd7 8. O-O O-O 9. Qc2 Qa5 ({Deviating
from a previous game of his own:} 9... Qe7 {1-0 Sokolov,I (2638)-Caruana,F 
(2680)/Rijeka 2010/CBM 136/[Krasenkow] (66)}) (9... a5 10. Rd1 (10. e4 {
Lehtivaara,P (2370)-Apicella,M (2500)/Eupen 1997/CBM 062/[Hecht] (0-1, 49)})
10... Qe7 11. Ne5 {Atalik,S (2525)-Zhu Chen (2420)/Beijing 1996/CBM 054 ext/
[Atalik] (1/2, 33)}) 10. Na2 {It appears that even in the lines without ...
b7-b5 the exposed position of the black bishpp plays a part. White retrieves
the pawn without making any significant concession.} ({The normal developing
move} 10. Bf4 {does not put too much pressure on Black, but looks playable.}
Nd5 11. Bd2 N5f6 $6 {Black is not well enough developed to afford wasting time
like this.} (11... c5 $5) 12. e4 $6 (12. Na2 Bxd2 13. Nxd2 e5 14. Nxc4 Qc7 15.
Rad1 exd4 16. Rxd4 {retains some lead in development for White.}) 12... e5 $1
13. d5 Re8 14. dxc6 bxc6 15. Na2 Bxd2 16. Nxd2 Nb6 17. Nc3 Be6 $17 {Goldin,A 
(2595)-Kaidanov,G (2550)/Philadelphia 1992/TD (0-1, 63). Black is a pawn up.})
10... Bd6 11. Qxc4 Nb6 $6 $146 {Black goes for the a4-pawn, giving up the
natural freeing idea ...e6-e5.} (11... e5 12. b3 {This looks too slow to be
dangerous.} (12. Bd2 Qc7 13. a5 $5 {looks more promissing.}) 12... Nb6 (12...
e4 13. Ng5 Qf5 14. Qc2 Re8 15. Nc3 Bb4 16. Ncxe4 h6 17. Nxf7 $1 {The knight is
taboo because of Nd6+ winning the queen.} Nxe4 18. Nxh6+ gxh6 19. Qc4+ Qf7 20.
Qxb4 $44) (12... exd4 $5) 13. Qc2 exd4 14. Nxd4 Qh5 15. e4 Bh3 $6 {This allows
White consolidate his kingside majority.} (15... Ng4 $5 {forces some
unpleasant weakening of the kingside.}) 16. Bxh3 Qxh3 17. f3 Be5 18. Bb2 Rfd8
19. Rad1 $14 {Ilincic,Z (2555)-Blagojevic,D (2450)/Nis 1996/EXT 1999 (1-0, 41).
White has completed his dveelopment and retains space advantage and a mobile
kingside majority.}) 12. Qc2 Qxa4 (12... Qf5 {is a manoeuvre frequently seen
in the 4.Qc2 Nimzoindian, but here it does not promis Black anything:} 13. Qb3
Qd5 (13... c5 $2 14. Nh4 Qh5 15. a5 $16) 14. Qd1 Qh5 15. Nc3 $14) 13. b3 Qa5 $6
{Black's choice is not simple. The game move intends to keep the knight pinned
just to win a tempo to transfer the queen to the relatively safe kingside area.
The problem is that the queen gets under the Bc1-d2 attack.} (13... Qb5 {
is somewhat better.} 14. e4 Be7 15. Ng5 h6 16. Nc3 Qb4 17. Nf3 $14 {White can
choose the best moment to win the queen for a bishop and a rook with Bc1-a3,
retainingn the better chances because of his superior mobilization.}) 14. Ne5 {
This is not bad, but there was something even better.} (14. e4 $1 Be7 15. Ng5 {
Black can forget about his dreams of playing ...Qh5.} Nbd7 (15... h6 16. Bd2
$18) 16. e5 Nxe5 $8 $16) 14... Nbd7 (14... Bxe5 15. Bd2 Qb5 16. Nc3 Qb4 17.
dxe5 Nfd7 18. Nd5 Qg4 19. Bf3 Qh3 20. Nc7 Rb8 21. Bb4 $16 {Black is
pathetically underdeveloped.}) 15. Nc4 Qc7 16. Nxd6 Qxd6 17. Rd1 $44 {White
has excellent compensation for the sacrificed pawn. His bishops and centre are
strong and for Black it is not easy to complete his development.} e5 $6 {
Under these circumstances, opening the centre is an invitation to troubles.} (
17... a5 18. Nc3 Re8 19. Bf4 Qe7 (19... Qb4 20. Ra4 {[%cal Gd1a1]}) 20. Bc7 $14
) (17... Nb6 18. e4 $14) 18. Nc3 $1 $16 {[%cal Gc1a3]} exd4 (18... Re8 19. Ba3
Qb8 (19... Qc7 20. Nb5) 20. d5 c5 21. d6 $16) 19. Ba3 c5 ({The exchange
sacrifice} 19... Qe5 {does not quite solve the developing problems:} 20. Bxf8
Nxf8 21. Ne4 Nd5 (21... Ne6 22. Nxf6+ Qxf6 23. b4 $16 {[%csl Ge6][%cal Gg2h3]
The weakness of the d4-pawn precenst Black from completing his queenside
development.}) 22. f4 Qe7 23. Rxd4 Ne3 24. Qd3 Nxg2 25. Rd8 $16) 20. e3 d3 21.
Rxd3 Qb8 (21... Qe6 22. Nb5 $16) 22. Nd5 Nxd5 23. Rxd5 b6 24. Bb2 $18 {Black's
kingside is desperately vulnerable.} a5 25. Ra4 {Elegant and not requiring any
concrete calculating. White simply brings his last resources into the attack.}
(25. Rh5 $5 g6 (25... h6 26. Bd5 {[%cal Gc2g6]} Qd6 27. Rd1 $18) 26. Qf5 $1 $18
{[%cal Gf5g5,Gg5h6]}) 25... Re8 26. Rg5 g6 27. Bd5 Kf8 28. Rf4 1-0

[Event "Grenke Chess Classic 1st"]
[Site "Baden-Baden"]
[Date "2013.02.08"]
[Round "2"]
[White "Anand, Viswanathan"]
[Black "Caruana, Fabiano"]
[Result "1/2-1/2"]
[WhiteElo "2780"]
[BlackElo "2757"]
[Annotator "CB"]
[PlyCount "80"]
[EventDate "2013.02.07"]
[EventType "tourn"]
[EventRounds "10"]
[EventCountry "GER"]
[EventCategory "19"]
[SourceTitle "CBM 153"]
[Source "ChessBase"]
[SourceDate "2013.03.14"]
[SourceVersion "1"]
[SourceVersionDate "2013.03.14"]
[SourceQuality "1"]

1. e4 e5 2. Nf3 Nc6 3. Bb5 a6 4. Ba4 Nf6 5. O-O Be7 6. Re1 b5 7. Bb3 d6 8. c3
O-O 9. h3 Re8 10. d4 Bb7 11. Nbd2 Bf8 12. d5 Nb8 13. Nf1 Nbd7 14. N3h2 Nc5 15.
Bc2 c6 16. b4 Ncd7 17. dxc6 Bxc6 18. Bg5 h6 19. Bxf6 Nxf6 20. Ng4 a5 $5 {
Caruana's trainer Vladimir Chuchelov had recommended the night before instead
of the previous grandmaster choice of 20...Nxg4. There are five games with
this move in the online database. Three were drawn and two won by White.} 21.
Nxf6+ Qxf6 22. Ne3 {Anand continued to play relatively quickly, but he lived
to regret it - lamenting this "careless" move which allowed Caruana to
equalise with 23...d5!} axb4 23. cxb4 d5 {Anand in the press conference: "I
should have at least thought about this.!} 24. exd5 Bd7 25. Qb1 $146 {A
novelty. Caruana emphasised that both sides had a lot of options and he'd
barely looked at this move.} ({Predecessor:} 25. Ng4 Qg5 26. d6 Ra6 27. Qd3 e4
28. Rxe4 Rxd6 29. Qe2 Rd2 30. Qe1 Rxe4 31. Qxe4 g6 32. Bb3 Bxg4 33. hxg4 Qf6
34. Rf1 Rd4 35. Qe2 {1/2-1/2 (35) Colin,S (2113)-Suto,J (2382) ICCF email 2005}
) 25... g6 26. d6 Rad8 {Caruana said he thought "maybe this wasn't the best"...
} 27. a4 Bxd6 28. axb5 {... but after the crucial} e4 $1 {he was visibly
confident in his position as he left the stage.} 29. Bxe4 Qf4 30. Nf1 Bxb5 31.
g3 Qf6 32. Bg2 Rxe1 33. Qxe1 Bxf1 34. Qxf1 Bxb4 35. Ra8 Rxa8 36. Bxa8 Bd6 37.
Kg2 Kg7 38. Bf3 Bf8 39. Qe2 Qe7 40. Qxe7 Bxe7 1/2-1/2